Wszystkie skiny do Dwóch Berett w CS:GO - Statystyki

Ogólne statystyki
  • Ten quiz został rozwiązany 5 razy
  • Średni wynik to 6 z 29
Statystyki odpowiedzi
Rodzaj (Kolor) Skin % Poprawnych
Niebieski Briar
67%
Fioletowy Cobalt Quartz
67%
Niebieski Elite 1.6
67%
Niebieski Moon in Libra
67%
Niebieski Black Limba
33%
Niebieski Cartel
33%
Niebieski Colony
33%
Niebieski Contractor
33%
Niebieski Dualing Dragons
33%
Fioletowy Duelist
33%
Niebieski Heist
33%
Fioletowy Hemoglobin
33%
Fioletowy Royal Consorts
33%
Niebieski Stained
33%
Fioletowy Urban Shock
33%
Niebieski Anodized Navy
0%
Niebieski Balance
0%
Różowy Cobra Strike
0%
Fioletowy Demolition
0%
Fioletowy Dezastre
0%
Niebieski Emerald
0%
Fioletowy Marina
0%
Niebieski Panther
0%
Niebieski Pyre
0%
Niebieski Retribution
0%
Niebieski Shred
0%
Niebieski Switch Board
0%
Różowy Twin Turbo
0%
Niebieski Ventilators
0%
Nie znaleziono quizów pasujących do podanych kryteriów
Rozkład punktacji
Procent ludzi z każdym wynikiem
Percentyl według liczby udzielonych odpowiedzi
Twoja historia wyników
Nie rozwiązałeś tego quizu